Human resource development / (Record no. 347444)
[ view plain ]
| 000 -LEADER | |
|---|---|
| fixed length control field | 01713 a2200253 4500 |
| 003 - CONTROL NUMBER IDENTIFIER | |
| control field | NUST |
| 005 - DATE AND TIME OF LATEST TRANSACTION | |
| control field | 20231219161845.0 |
| 008 - FIXED-LENGTH DATA ELEMENTS--GENERAL INFORMATION | |
| fixed length control field | 231219b ||||| |||| 00| 0 eng d |
| 020 ## - INTERNATIONAL STANDARD BOOK NUMBER | |
| International Standard Book Number | 0030319323 (hardcover) |
| 020 ## - INTERNATIONAL STANDARD BOOK NUMBER | |
| International Standard Book Number | 9780030319327 (hardcover) |
| 082 04 - DEWEY DECIMAL CLASSIFICATION NUMBER | |
| Classification number | 658.3 |
| Author Mark | DES |
| 100 1# - MAIN ENTRY--PERSONAL NAME | |
| Personal name | DeSimone, Randy L. |
| 9 (RLIN) | 119780 |
| 245 10 - TITLE STATEMENT | |
| Title | Human resource development / |
| Statement of responsibility, etc. | Randy L. DeSimone, Jon M. Werner, David M. Harris. |
| 250 ## - EDITION STATEMENT | |
| Edition statement | 3rd ed. |
| 260 ## - PUBLICATION, DISTRIBUTION, ETC. | |
| Place of publication, distribution, etc. | [S.l.] : |
| Name of publisher, distributor, etc. | South-Western College Pub, |
| Date of publication, distribution, etc. | 2001. |
| 300 ## - PHYSICAL DESCRIPTION | |
| Extent | 736 p. ; |
| Dimensions | 24 cm. |
| 490 1# - SERIES STATEMENT | |
| Series statement | Harcourt series in computer technology. |
| 520 ## - SUMMARY, ETC. | |
| Summary, etc. | Human Resource Development was written primarily to serve as a comprehensive text for undergraduate and graduate courses that prepare students to train and develop people. As such, the book covers the entire field of HRD (as defined by the American Society for Training and Development’s competency study), from orientation and skills training, to career development and organizational development. Human Resource Development provides a clear understanding of the concepts, processes, and practices that form the basis of success, and shows how concepts and theory can and have been put into practice in a variety of organizations. The book focuses on the shared role of line management and human resource specialists in HRD. It also reflects the current state of the field, blending real-world practices and up-to-date research |
| 700 ## - ADDED ENTRY--PERSONAL NAME | |
| Personal name | Werner, Jon M |
| 9 (RLIN) | 119781 |
| 700 ## - ADDED ENTRY--PERSONAL NAME | |
| Personal name | Harris, David M |
| 9 (RLIN) | 119782 |
| 830 ## - SERIES ADDED ENTRY--UNIFORM TITLE | |
| Uniform title | Harcourt series in computer technology |
| 9 (RLIN) | 119783 |
| 856 ## - ELECTRONIC LOCATION AND ACCESS | |
| Materials specified | Amazon.com |
| Uniform Resource Identifier | <a href="http://www.amazon.com/exec/obidos/ASIN/0030319323/chopaconline-2">http://www.amazon.com/exec/obidos/ASIN/0030319323/chopaconline-2</a> |
| 942 ## - ADDED ENTRY ELEMENTS (KOHA) | |
| Institution code [OBSOLETE] | NBS |
| Koha item type | Book |
| Call number prefix | 658.3 DES |
| Source of classification or shelving scheme | |
| Withdrawn status | Lost status | Source of classification or shelving scheme | Damaged status | Not for loan | Permanent Location | Current Location | Date acquired | Total Checkouts | Full call number | Barcode | Date last seen | Date last checked out | Price effective from | Koha item type |
|---|---|---|---|---|---|---|---|---|---|---|---|---|---|---|
| Central Library (CL) | Central Library (CL) | 08/28/2013 | 3 | 658.3 DES | NBS5755 | 05/05/2023 | 09/30/2021 | 08/28/2013 | Book |
